| 000 | 00631nam a22002057a 4500 | ||
|---|---|---|---|
| 003 | 0 | ||
| 005 | 20240918104916.0 | ||
| 008 | 240918b xxu||||| |||| 00| 0 eng d | ||
| 020 | _a9781782219101 | ||
| 050 |
_aND 2240 _b.P35 2022 |
||
| 100 |
_aPalmer, Matthew _eauthor. |
||
| 245 |
_aWatercolour landscapes for the absolute beginner / _cMatthew Palmer. |
||
| 260 |
_aKent : _bSearch Press Ltd., _c2022. |
||
| 300 |
_a176 p. ; _c28 cm. |
||
| 500 | _a"Full size outlines included"--Cover. | ||
| 504 | _aIncludes index. | ||
| 650 |
_aWatercolor painting _xTechnique. |
||
| 650 |
_aLandscape painting _xTechnique. |
||
| 942 |
_2lcc _cBK |
||
| 999 |
_c366241 _d366241 |
||